000
00299nam a2200133Ia 4500
008
190216s9999||||xx |||||||||||||| ||und||
100
_a
Poul. Ti And Thomas. Pc
245
0
_a
Subsidiary Physics
250
_a
1st Ed.
260
_b
Null
_c
1979
300
_a
352
650
_a
Physics
942
_c
BK
999
_c
32857
_d
32857